| 000 | 004220000a22001690004500 | ||
|---|---|---|---|
| 003 | MACL | ||
| 005 | 20160102120407.0 | ||
| 008 | 160102b xxu||||| |||| 00| 0 eng d | ||
| 040 |
_aMACL _cMACL |
||
| 041 | _aEnglish | ||
| 082 | _a575/SUT | ||
| 100 |
_aSutton, J Bland _926856 |
||
| 245 | _aEvolution and Disease | ||
| 260 |
_bWalter Scott Ltd _c1890 _aLondon |
||
| 650 |
_aPlants Parts _926857 |
||
| 942 |
_cBK _k575/SUT _2ddc |
||
| 999 |
_c38492 _d38492 |
||